00399 2200157 4500001002100000005001500021035002000036245005100056100001900107300002800126260003100154082000800185084001400193020002200207990001200229INLIS00000000000304520250919073624 a0010-09250003921 aPendidikan Pancasila Kelas X /cYuyus Kardiman0 aYuyus Kardiman a316 hlm ;c17,5 x 25 cm aJakarta :bErlangga,c2022 a370 a370 YUY p a978-623-266-642-9 a0755590